000 00291nam a22001337a 4500
008 190226b xxu||||| |||| 00| 0 eng d
020 _a9780470657324
041 _aeng
080 _22nd
_a574
100 _a9
101 _aMJE
245 _aPolitical Ecology
_cRobbins, P
942 _2udc
_cBK
999 _c54316
_d54316